000 00268nam a2200109Ia 4500
008 190907s9999||||xx |||||||||||||| ||und||
100 _aDavid Foulds
245 0 _aTales From The Arabian Nights
260 _aCanada
_bTata McGraw Hill
_c2005
300 _a64
942 _cBK
999 _c6588
_d6588